|
|
|
|
| LEADER |
00000nam2a2200000 4500 |
| 001 |
27260 |
| 005 |
20251226162654.0 |
| 010 |
|
|
|a 5895010326
|
| 035 |
|
|
|a (RuTPU)RU\TPU\book\27509
|
| 035 |
|
|
|a BOOK00027584
|
| 090 |
|
|
|a 27260
|
| 100 |
|
|
|a 20011209d2000 de y0rusy50 ca
|
| 101 |
0 |
|
|a rus
|
| 102 |
|
|
|a RU
|
| 105 |
|
|
|a а f 000zy
|
| 200 |
0 |
|
|a Т. 4 : Геология
|
| 210 |
|
|
|d 2000
|
| 215 |
|
|
|a 688 с.
|c ил.
|
| 461 |
|
1 |
|0 (RuTPU)RU\TPU\book\15787
|y 5-89501-001-6
|t Энциклопедия для детей
|f гл. ред. М. Аксенова
|v Т. 4 : Геология
|d 1993-
|
| 606 |
1 |
|
|a Энциклопедии
|2 stltpush
|3 (RuTPU)RU\TPU\subj\21381
|9 46387
|
| 606 |
|
|
|a Геология
|9 34054
|
| 610 |
1 |
|
|a Земля
|
| 610 |
1 |
|
|a строение
|
| 610 |
1 |
|
|a вулканы
|
| 610 |
1 |
|
|a магма
|
| 610 |
1 |
|
|a землетрясения
|
| 610 |
1 |
|
|a реки
|
| 610 |
1 |
|
|a природа
|
| 610 |
1 |
|
|a геологические памятники
|
| 610 |
1 |
|
|a палеонтология
|
| 610 |
1 |
|
|a горные породы
|
| 610 |
1 |
|
|a камни
|
| 610 |
1 |
|
|a энциклопедии
|
| 675 |
|
|
|a 55
|v 3
|
| 686 |
|
|
|a Я20
|2 rubbk
|
| 801 |
|
0 |
|a RU
|b 63413507
|c 20011209
|g PSBO
|
| 801 |
|
2 |
|a RU
|b 63413507
|c 20190826
|g PSBO
|
| 942 |
|
|
|c BK
|